|
|
|
|
| LEADER |
00000nam0a2200000 4500 |
| 001 |
311257 |
| 005 |
20231102002352.0 |
| 020 |
|
|
|a RU
|b 82-21520
|
| 035 |
|
|
|a (RuTPU)RU\TPU\book\336614
|
| 090 |
|
|
|a 311257
|
| 100 |
|
|
|a 20151204d1982 km y0rusy5003 ca
|
| 101 |
0 |
|
|a rus
|
| 102 |
|
|
|a UA
|
| 105 |
|
|
|a a z 001zy
|
| 200 |
1 |
|
|a Земляные работы
|f И. И. Ващенко
|
| 205 |
|
|
|a 2-е изд., перераб. и доп.
|
| 210 |
|
|
|a Киев
|c Будiвельник
|d 1982
|
| 215 |
|
|
|a 168 с.
|c ил.
|
| 320 |
|
|
|a Библиогр.: с. 166
|
| 606 |
1 |
|
|a Земляные работы
|x Производство
|2 stltpush
|3 (RuTPU)RU\TPU\subj\11763
|9 38662
|
| 610 |
1 |
|
|a организационно-техническая подготовка
|
| 610 |
1 |
|
|a проекты
|
| 610 |
1 |
|
|a рабочие чертежи
|
| 610 |
1 |
|
|a экскаваторные работы
|
| 610 |
1 |
|
|a производство
|
| 610 |
1 |
|
|a бестраншейные технологии
|
| 610 |
1 |
|
|a автотранспортные работы
|
| 610 |
1 |
|
|a бульдозерные работы
|
| 610 |
1 |
|
|a скреперы
|
| 610 |
1 |
|
|a грейдеры
|
| 610 |
1 |
|
|a земляные сооружения
|
| 610 |
1 |
|
|a намывные сооружения
|
| 610 |
1 |
|
|a техника безопасности
|
| 610 |
1 |
|
|a правила
|
| 610 |
1 |
|
|a приемка
|
| 610 |
1 |
|
|a практические пособия
|
| 675 |
|
|
|a 624.132
|z rus
|v 3
|
| 700 |
|
1 |
|a Ващенко
|b И. И.
|g Иван Иванович
|4 070
|
| 801 |
|
0 |
|a RU
|b RuMRKP
|c 19950704
|g psbo
|
| 801 |
|
1 |
|a RU
|b 63413507
|c 20151204
|
| 801 |
|
2 |
|a RU
|b 63413507
|c 20190930
|g RCR
|
| 942 |
|
|
|c BK
|